000 00281nam a2200097Ia 4500
008 220204s9999 xx 000 0 und d
082 _a675(038)
_bIND
245 0 _aIndian Standards glossary of terms relating to hides skins and leather
260 _aNew Delhi
_bISI
_c1961
942 _cBK
999 _c19873
_d19873